|
|
|
|
| LEADER |
00000nam a2200000 i 4500 |
| 001 |
1/81350 |
| 008 |
980918s1991 gre d |
| 020 |
|
|
|a 960-06-0154-2
|
| 035 |
|
|
|l 10033671
|
| 040 |
|
|
|a GR-MY-UA
|b gre
|e aacr
|
| 041 |
0 |
|
|a gre
|
| 082 |
0 |
|
|a 372.891
|
| 245 |
1 |
2 |
|a Η γη μας :
|b τετράδιο εργασιών : γεωγραφία ΣΤ' τάξης /
|c Ιωάννης Χριστιάς ... [κ.ά.]
|
| 250 |
|
|
|a 3η έκδ.
|
| 260 |
|
|
|a Αθήνα :
|b Ο.Ε.Δ.Β.,
|c 1991
|
| 300 |
|
|
|a 19 σ.
|
| 500 |
|
|
|a Ανω του τίτλου: Υπουργείο Παιδείας και Θρησκευμάτων. Παιδαγωγικό Ινστιτούτο.
|
| 650 |
0 |
0 |
|a Geography
|x Study and Teaching (Elementary)
|x Problems, exercises, etc.
|
| 700 |
1 |
|
|a Χριστιάς, Γιάννης Γ.
|
| 852 |
|
|
|a INST
|b RHODES
|e 19980918
|h 372.891 ΗΓΗ
|p 005400001473
|q 005400001473
|t BK
|y 620
|
| 852 |
|
|
|a INST
|b RHODES
|e 19980918
|h 372.891 ΗΓΗ
|p 005400001474
|q 005400001474
|t BK
|y 620
|
| 852 |
|
|
|a INST
|b RHODES
|e 19980918
|h 372.891 ΗΓΗ
|p 005400001475
|q 005400001475
|t BK
|y 620
|
| 852 |
|
|
|a INST
|b RHODES
|e 19980918
|h 372.891 ΗΓΗ
|p 005400001476
|q 005400001476
|t BK
|y 620
|
| 852 |
|
|
|a INST
|b RHODES
|e 19980918
|h 372.891 ΗΓΗ
|p 005400001496
|q 005400001496
|t BK
|y 620
|
| 852 |
|
|
|a INST
|b RHODES
|e 19980918
|h 372.891 ΗΓΗ
|p 005400001500
|q 005400001500
|t BK
|y 620
|
| 852 |
|
|
|a INST
|b RHODES
|e 19980918
|h 372.891 ΗΓΗ
|p 005400001501
|q 005400001501
|t BK
|y 620
|
| 852 |
|
|
|a INST
|b RHODES
|e 19980918
|h 372.891 ΗΓΗ
|p 005400001502
|q 005400001502
|t BK
|y 0
|
| 852 |
|
|
|a INST
|b RHODES
|e 19980918
|h 372.891 ΗΓΗ
|p 005400001503
|q 005400001503
|t BK
|y 620
|
| 852 |
|
|
|a INST
|b RHODES
|e 19980918
|h 372.891 ΗΓΗ
|p 005400001506
|q 005400001506
|t BK
|y 620
|
| 909 |
|
|
|a Ρ
|b 020592
|c 1991
|
| 909 |
|
|
|a Ρ
|b 020593
|c 1991
|
| 909 |
|
|
|a Ρ
|b 020594
|c 1991
|
| 909 |
|
|
|a Ρ
|b 020595
|c 1991
|
| 909 |
|
|
|a Ρ
|b 020596
|c 1991
|
| 909 |
|
|
|a Ρ
|b 020597
|c 1991
|
| 909 |
|
|
|a Ρ
|b 020598
|c 1991
|
| 909 |
|
|
|a Ρ
|b 020599
|c 1991
|
| 909 |
|
|
|a Ρ
|b 020600
|c 1991
|
| 909 |
|
|
|a Ρ
|b 020601
|c 1991
|
| 922 |
|
|
|a 4ΔΩΡ
|b 199109
|c ΔΩΡΕΑ
|